02480 a2200301 45000010006000000050017000060080041000230030015000640400040000790800058001192450100001772500012002772640033002893000019003225050176003419420007005175900036005241000024005608560094005849990015006789520195006939520186008889520213010749520249012879520227015369520245017639520170020083379820260407155629.0260407a1979 arg spa dAR-UNSa-BCEJYS aAR-UNSa-BCEJYSbspacAR-UNSa-BCEJYS a658.787xControl de existencias. Inventarios (Stock) 10aManual de stockspla implemantación integral y práctica del control de stocks en la empresa a2a. ed. 1aBuenos Aires :bAstreac1979 a190 p.c22 cm. a1. Introducción - 2. Normalización y codificación - 3. Diagarama ABC - 4. Teoría de los stocks - 5. Políticas de stocks. Aplicaciones prácticas - Apéndice.  cBK aniveau_biblio:m niveau_hierar:01 aMunier, Nolberto J.41uhttps://biblioeco.unsa.edu.ar/pmb/images/libros/L39753.jpgyImagen de portadaqimage/jpeg c2395d2395 00104070aBCEJYSbBCEJYSc16d2026-04-07l0o658.787 M963 2ed.pL39753r2026-04-07 15:56:29w2026-04-07yLzESCRITO Y SUBRAYADO C/ LÁPIZ - RAYADO LEVE C/ LAPICERA NEGRA Y AZUL - MANCHADO 00104070aBCEJYSbBCEJYSc16d2026-04-07l0o658.787 M963 2ed.pL39754r2026-04-07 15:56:29w2026-04-07yLzSUBRAYADO C/ LAPICERA ROJA, VERDE Y AZUL - 1RA Y ÚLTIMA HOJA DAÑADA 00104070aBCEJYSbBCEJYSc16d2026-04-07l0o658.787 M963 2ed.pL12305r2026-04-07 15:56:29w2026-04-07yLzSUBRAYADO C/ LÁPIZ - SUBRAYADO C/ LAPICERA NEGRA - FIBRA ROSADA PÁG. 120 - MANCHADO - HÚMEDO 00104070aBCEJYSbBCEJYSc16d2026-04-07l0o658.787 M963 2ed.pL25779r2026-04-07 15:56:29w2026-04-07yLzESCRITO Y SUBRAYADO C/ LÁPIZ - SUBRAYADO C/ LAPICERA ROJA Y AZUL - RAYADO C/ LAPICERA ROSADA Y NEGRA - PARTIDO PÁG. 112 - MANCHADO 00104070aBCEJYSbBCEJYSc16d2026-04-07l0o658.787 M963 2ed.pL26890r2026-04-07 15:56:29w2026-04-07yLzESCRITO Y SUBRAYADO C/ LÁPIZ - RAYADO LEVE C/ LAPICERA AZUL - MANCHADO - CORRECTOR PÁG. 129 - CINTA AL FINAL 00104070aBCEJYSbBCEJYSc16d2026-04-07l0o658.787 M963 2ed.pL12304r2026-04-07 15:56:29w2026-04-07yLzHOJAS SEMISUELTAS - MANCHA EN LA PARTE INFERIOR - ESCRITO Y SUBRAYADO C/ LÁPIZ, C/ LAPICERA AZUL, NEGRA - FLUOR VERDE - MANCHADO 00104070aBCEJYSbBCEJYSc16d2026-04-07l0o658.787 M963 2ed.pL33502r2026-04-07 15:56:29w2026-04-07yLzESCRITO Y SUBRAYADO C/ LÁPIZ - CANTO LATERAL MANCHADO